White dwarfs (Record no. 13362)

MARC details
000 -LEADER
fixed length control field 00871nam a2200217Ia 4500
003 - CONTROL NUMBER IDENTIFIER
control field IN-BaIIA
008 - FIXED-LENGTH DATA ELEMENTS--GENERAL INFORMATION
fixed length control field 211028s9999 xx 000 0 eng d
020 ## - INTERNATIONAL STANDARD BOOK NUMBER
International Standard Book Number 1-886733-91-0
040 ## - CATALOGING SOURCE
Transcribing agency IIA Library
080 ## - UNIVERSAL DECIMAL CLASSIFICATION NUMBER
Universal Decimal Classification number 082.2:52
Item number ASP-169
111 ## - MAIN ENTRY--MEETING NAME
Meeting name or jurisdiction name as entry element European Workshop on White Dwarfs
Number of part/section/meeting 11
Location of meeting Tromso, Norway
Date of meeting or treaty signing 1998 June 29- July 3
9 (RLIN) 23450
245 #0 - TITLE STATEMENT
Title White dwarfs
Remainder of title proceedings of the 11th European workshop on white dwarfs, held in Tromso, Norway, 29 Jun - 3 Jul 1998
Statement of responsibility, etc. edited by J. E. Solheim and E. G. Meistas
260 ## - PUBLICATION, DISTRIBUTION, ETC.
Place of publication, distribution, etc. California
Name of publisher, distributor, etc. Astronomical Society of the Pacific
Date of publication, distribution, etc. 1999
300 ## - PHYSICAL DESCRIPTION
Extent xxxiii, 577p.
490 ## - SERIES STATEMENT
Series statement ASP conference series; vol. 169
650 ## - SUBJECT ADDED ENTRY--TOPICAL TERM
Topical term or geographic name entry element White dwarf stars
9 (RLIN) 16514
650 ## - SUBJECT ADDED ENTRY--TOPICAL TERM
Topical term or geographic name entry element White dwarfs
9 (RLIN) 6553
700 ## - ADDED ENTRY--PERSONAL NAME
Personal name Meistas, E. G ., ed.
9 (RLIN) 23451
700 ## - ADDED ENTRY--PERSONAL NAME
Personal name Solheim, J. E., ed.
9 (RLIN) 15833
942 ## - ADDED ENTRY ELEMENTS (KOHA)
Koha item type Books
Holdings
Withdrawn status Lost status Damaged status Not for loan Home library Current library Shelving location Date acquired Total Checkouts Full call number Barcode Date last seen Price effective from Koha item type
        IIA Library-Bangalore IIA Library-Bangalore General Stacks     082.2:52/ ASP-169 14281 05/11/2021   Books

Powered by Koha